=LDR 00000nam 2200000 4500 =001 INLIS000000000026863 =005 20130612125300 =008 ***********************************ind** =035 ##$$0010-061300000026863 =041 ##$$a ind =082 ##$$a 371.1 =090 ##$$a 371.1, UNO p =100 ##$$a Uno, Hamzah B =245 ##$$a Perencanaan pembelajaran, Hamzah B. Uno =260 ##$$a 2007 $b Jakarta =300 ##$$a ix, 158 hlm., 22 cm =650 ##$$a Rencana Pembelajaran =850 ##$$a NBPNMAT